Un libro olvidado: la traducción francesa del código civil español

Gespeichert in:
Bibliographische Detailangaben
1. Verfasser: Castán Vázquez, José María (VerfasserIn)
Format: Buch
Sprache:Spanisch
Veröffentlicht: Madrid Universidad de Pinoso 1992
Schlagworte:
Tags: Tag hinzufügen
Keine Tags, Fügen Sie den ersten Tag hinzu!

MARC

LEADER 00000nam a2200000 a 4500
001 UCS4905
003 CL-VaPUC
008 970814e19920000SP |||||||||||||||||spa|d
082 0 4 |a 346.46  |b CAS  |2 21 
100 0 |a Castán Vázquez, José María  |e author  |9 390714 
245 1 3 |a Un libro olvidado: la traducción francesa del código civil español 
300 |a 8 p 
942 |c BK 
945 |d 19970814 00:00:00  |a jquezada 
260 |a Madrid  |b Universidad de Pinoso  |c 1992 
650 0 |a Derecho civil  |9 255013 
650 0 |a Código civil  |9 256135 
651 0 |a España  |9 254926 
583 |a last modification  |c 19970814 00:00:00  |k Rodrigo Vera 
999 |c 261673  |d 261671 
952 |0 0  |1 0  |2 ddc  |4 0  |6 346_460000000000000_CAS_1992  |7 0  |8 A  |9 289382  |a BIBDER  |b BIBDER  |d 2019-11-19  |i 3265668  |o 346.46 CAS 1992  |p 3265668  |r 2023-01-25  |w 2019-11-19  |y MX  |k DER